Congrés International des Architectes / (Record no. 46806)

MARC details
000 -LEADER
campo de control de longitud fija 00721nam a2200205 i 4500
001 - NÚMERO DE CONTROL
campo de control 46806
003 - IDENTIFICADOR DE NÚMERO DE CONTROL
campo de control ES-MaACL
005 - FECHA Y HORA DE LA ÚLTIMA TRANSACCIÓN
campo de control 20230915063100.0
007 - CAMPO FIJO DE DESCRIPCIÓN FÍSICA--INFORMACIÓN GENERAL
campo de control de longitud fija t|
008 - DATOS DE LONGITUD FIJA--INFORMACIÓN GENERAL
campo de control de longitud fija 030401s1906 fr ||||1| fre d
040 ## - FUENTE DE CATALOGACIÓN
Centro/agencia transcriptor ES-MaACL
245 00 - MENCIÓN DEL TÍTULO
Título Congrés International des Architectes /
Mención de responsabilidad, etc. sous la traute protection de le Rov de Espagne ; et le patronage du governement ; organisation corupte sendu et notices.
260 ## - PUBLICACIÓN, DISTRIBUCIÓN, ETC.
Lugar de publicación, distribución, etc. Madrid :
Nombre del editor, distribuidor, etc. [s.n.,
Fecha de publicación, distribución, etc. 1906] (
Fabricante Imp. J. Sastre y Cia)
300 ## - DESCRIPCIÓN FÍSICA
Extensión 493 p. ;
Dimensiones 25 cm.
711 0# - ENTRADA AGREGADA--NOMBRE DE REUNIÓN
9 (RLIN) 410
Nombre de congreso/reunión o jurisdicción como elemento de entrada Congreso Internacional de Arquitectos (
Número del congreso/reunión o número de parte o sección 6º.
Fecha del congreso o de la firma del tratado 1904.
Sede del congreso/Lugar de la reunión Madrid)
852 ## - LOCALIZACIÓN
Ubicación ES-MaACL
Número de control de estantería G-1447
942 ## - ELEMENTOS DE ENTRADA SECUNDARIOS (KOHA)
Tipo de ítem Koha Libro impreso
Holdings
Estatus retirado Estado de pérdida Estado de daño No para préstamo Biblioteca de origen Biblioteca actual Ubicación en estantería Fecha de adquisición Fuente de adquisición Total de préstamos Signatura topográfica completa Código de barras Visto por última vez Precio de reemplazo Tipo de ítem Koha
        Biblioteca del Ateneo de Madrid Biblioteca del Ateneo de Madrid Depósito 2 17/01/2008     G-1447 1049229 23/02/2023 23/02/2023 Libro impreso